|
|
|
|
| LEADER |
00918nam a2200325 4500 |
| 001 |
DLU050048631 |
| 005 |
##20050930 |
| 040 |
# |
# |
|a DLU
|b vie
|
| 041 |
# |
# |
|a vie
|
| 044 |
# |
# |
|a vn
|
| 082 |
# |
# |
|a 530.03
|b HO-T
|
| 100 |
# |
# |
|a Hoàng Thanh Toản
|
| 245 |
# |
# |
|a Từ điển vật lý Anh - Anh - Việt /
|c Hoàng Thanh Toản, Phan Sơn
|
| 246 |
# |
# |
|a Từ điển vật lý Anh - Anh - Việt : Định nghĩa, giải thích, minh hoạ =
|b English - English Vietnamese dictionary of physics
|
| 260 |
# |
# |
|a H. :
|b Giao thông Vận tải,
|c 2005
|
| 300 |
# |
# |
|a 743 tr. :
|b minh hoạ ;
|a 24 cm
|
| 653 |
# |
# |
|a Từ điển
|
| 653 |
# |
# |
|a Vật lý học
|
| 700 |
# |
# |
|a Phan Sơn
|
| 923 |
# |
# |
|a 39/2005
|
| 992 |
# |
# |
|a 130.000
|
| 994 |
# |
# |
|a DLU
|
| 998 |
# |
# |
|a TK
|
| 900 |
# |
# |
|a True
|
| 911 |
# |
# |
|a Đào Thị Thu Huyền
|
| 925 |
# |
# |
|a G
|
| 926 |
# |
# |
|a A
|
| 927 |
# |
# |
|a SH
|
| 980 |
# |
# |
|a Thư viện Trường Đại học Đà Lạt
|